Uudenmaan kunnat kartalla - Statistics

Yleistilastot
  • Tätä visaa on pelattu 16 265 kertaa
  • Keskiarvotulos 19 / 26
Vastaukset kartalla
Vastauksille on annettu kartalla punavihreä väri sen mukaan, kuinka moni on saanut sen oikein.
 
Vastaustilastot
Vaakuna Väkiluku Kunta % Oikein
v 319 811 Espoo
99%
v 683 669 Helsinki
99%
v 251 070 Vantaa
98%
v 7 721 Hanko
89%
v 51 698 Porvoo
89%
v 10 226 Kauniainen
87%
v 38 444 Kerava
83%
v 41 610 Kirkkonummi
83%
v 46 795 Järvenpää
81%
v 22 789 Sipoo
80%
v 47 041 Hyvinkää
78%
v 45 670 Lohja
78%
v 44 991 Nurmijärvi
75%
v 42 112 Tuusula
74%
v 14 355 Loviisa
70%
v 28 747 Vihti
70%
v 20 910 Mäntsälä
67%
v 27 108 Raasepori
66%
v 5 407 Inkoo
64%
v 8 465 Karkkila
62%
v 6 180 Siuntio
60%
v 4 667 Askola
57%
v 4 955 Pornainen
56%
v 1 679 Myrskylä
52%
v 1 749 Pukkila
52%
v 2 448 Lapinjärvi
46%
Ehtoja vastaavia visoja ei löytynyt
Tulosjakauma
Jokaisen tuloksen saaneiden osuus
Persentiili vastausten määrän mukaan
Tuloshistoriasi
Et ole pelannut tätä visaa